000 00169nam a22000857a 4500
082 _aBUR
100 _aBurnham
245 _aelements of industial organization
942 _cBK
999 _c15367
_d15367